| 000 | 00400nam a2200145Ia 4500 | ||
|---|---|---|---|
| 008 | 220217s9999||||xx |||||||||||||| ||und|| | ||
| 020 | _a019569953X | ||
| 082 | _a423 | ||
| 100 |
_aSoanes, Catherine & Stevenson, Augus _96358 |
||
| 245 | 0 | _aConcise Oxford English Dictionary | |
| 250 | _a11 | ||
| 260 |
_aOxford university press _bNew Delhi _c2009 |
||
| 300 | _b775 | ||
| 650 |
_aDICTIONARY _9678 |
||
| 999 |
_c178597 _d178597 |
||